01040naa#a2200193#i#4500001001500000005001700015100004100032102000700073200016700080210016900247215001000416608006000426675017600486700002600662700003000688700005800718700005200776856001800828RU\\bibl\2010120260702032624.4##a20260630b2026####ek#y0rusy0150####ca##aRU1#aИССЛЕДОВАНИЕ СОВРЕМЕННЫХ ИНФОРМАЦИОННЫХ СИСТЕМ И БАЗ ДАННЫХeСтатья/тезисы конференции1#aВоронежcВоронежский государственный лесотехнический университет имени Г.Ф. Морозоваd2026##a8 с.##aСтатья/тезисы конференции2local##aИнформационные технологии. Компьютерные технологии. Теория вычислительных машин и систем. 004#1aБизеевgД. А.#1aСазоноваgС. А.#1aМозговойgНиколай Васильевич#1aАсмининgВиктор Федорович4#abibl.vgltu.ru